Comparative syntax
Αποθηκεύτηκε σε:
| Κύριος συγγραφέας: | |
|---|---|
| Μορφή: | Βιβλίο |
| Γλώσσα: | English |
| Δημοσίευση: |
London :
Arnold,
1997
|
| Θέματα: | |
| Ετικέτες: |
Προσθήκη ετικέτας
Δεν υπάρχουν, Καταχωρήστε ετικέτα πρώτοι!
|
MARC
| LEADER | 00000nam a2200000 i 4500 | ||
|---|---|---|---|
| 001 | 1/27757 | ||
| 008 | 020927s1997 eng d | ||
| 020 | |a 0-340-59286-9 | ||
| 035 | |l 10068495 | ||
| 040 | |a GR-MY-UA |b gre |e aacr | ||
| 041 | 0 | |a eng | |
| 082 | 0 | |a 415 | |
| 100 | 1 | |a Roberts, Ian G. | |
| 245 | 1 | 0 | |a Comparative syntax / |c Ian Roberts |
| 260 | |a London : |b Arnold, |c 1997 | ||
| 300 | |a 306 p. | ||
| 650 | 0 | 0 | |a Grammar, Comparative and general |x Syntax. |
| 650 | 0 | 0 | |a Principles and parameters (Linguistics) |x Syntax. |
| 852 | |a INST |b RHODES |e 20020927 |h 415 ROB |p 005400016160 |q 005400016160 |t BK |y 0 | ||
| 901 | |a BIBL4-2002-3 | ||
| 909 | |a Ρ |b 102445 | ||
| 922 | |a 4ΕΛΗ |b 200209 |c ΚΠΣ/124 | ||
| 970 | |a ΚΟΥΛΑΚΙΟΤΗ |b ΛΙΤΣΑ |z 2002/10/03 | ||